000 00207 a2200097 4500
020 _a9789706418258
041 _aspa
100 _aBustos, Carlos
245 _aEl ilusionista y el ojo del unicornio
942 _cBK
999 _c7750
_d7750